| 000 | 00747nam a2200217Ia 4500 | ||
|---|---|---|---|
| 003 | Ost | ||
| 005 | 20260507075039.0 | ||
| 008 | 260507s9999||||xx |||||||||||||| ||und|| | ||
| 020 | _a7044249957 | ||
| 040 | _cfsecg | ||
| 041 | _aara | ||
| 082 | _a330 | ||
| 100 |
_aالصيرفي، محمد عبد الفتاح _eمؤلف |
||
| 245 | 0 |
_aالإدارة الرائدة / _c محمد عبد الفتاح الصيرفي |
|
| 260 |
_aعمان: _bدار صفاء للنشر, _c2003 |
||
| 300 |
_a383 صفحة؛ _bإيضاحات ؛ _c25 سم |
||
| 520 | _aالإبداع،ادارة الذات،ادارة الوقت،ادارة الجودة الشاملة | ||
| 653 | _aادارة الأعمال | ||
| 653 | _aالادارة | ||
| 942 | _cكتاب | ||
| 999 |
_c42489 _d42489 |
||